| 000 | 00000nam 2200000zi 4500 |
| 001 | 9.892918 |
| 003 | CaOODSP |
| 005 | 20230503132530 |
| 006 | m o d f |
| 007 | cr ||||||||||| |
| 008 | 201027e199603##onc o f000 0 fre d |
| 040 | |aCaOODSP|bfre|erda|cCaOODSP |
| 043 | |an-cn--- |
| 086 | 1 |aIu4-375/1996F-PDF |
| 245 | 00|aParticipation canadienne aux projets financés par les IFI : |bétudes de cas choisies dans des secteurs clés : rapport final / |cTCI (Toronto Consultants International Limited). |
| 264 | 1|a[Ottawa] : |bIndustrie Canada, |cMars 1996. |
| 300 | |a1 ressource en ligne (56 pages) |
| 336 | |atexte|btxt|2rdacontent/fre |
| 337 | |ainformatique|bc|2rdamedia/fre |
| 338 | |aressource en ligne|bcr|2rdacarrier/fre |
| 500 | |aÉdition numérisée de l'imprimé [par Innovation, Sciences et Développement économique Canada]. |
| 650 | 6|aFinances internationales|vÉtudes de cas. |
| 650 | 6|aInstitutions financières internationales|zCanada|vÉtudes de cas. |
| 650 | 6|aInstitutions financieĢres|xInvestissements|zCanada|vÉtudes de cas. |
| 650 | 0|aInternational finance|vCase studies. |
| 650 | 0|aFinancial institutions, International|zCanada|vCase studies. |
| 650 | 0|aFinancial institutions|xInvestments|zCanada|vCase studies. |
| 655 | 7|aÉtudes de cas|2rvmgf |
| 655 | 7|aCase studies|2lcgft |
| 710 | 1 |aCanada. |bIndustrie Canada, |eorganisme de publication. |
| 856 | 40|qPDF|s842 Ko|uhttps://publications.gc.ca/collections/collection_2023/isde-ised/iu4/Iu4-375-1996-fra.pdf |